Gaming Quiz

Random Gaming or Alphabet Quiz

Condensed Games Quiz Stats

 Plays Quiz Updated Jan 11, 2013

Also try: Condensed Movies
Challenge
Share
Tweet
Embed
Score 0/32 Timer 04:00
0 Plays Today
Clue Game % Correct
onopolMonopoly
95.9%
crabblScrabble
95.5%
attleshiBattleship
95%
ictionarPictionary
94.9%
ominoeDominoes
94.3%
ungeon n ragonDungeons and Dragons
94.2%
heckerCheckers
93.9%
olitairSolitaire
93.5%
rivia ursuiTrivial Pursuit
93%
ungr ungr ippoHungry Hungry Hippos
92.7%
hute n adderChutes and Ladders
92.6%
ahtzeYahtzee
92.6%
asterminMastermind
91.4%
ogglBoggle
91%
peratioOperation
90.7%
wisteTwister
90.3%
Clue Game % Correct
ownfalDownfall
89.6%
onnec ouConnect Four
88.9%
hesChess
87.4%
thellOthello
81.6%
raniuCranium
81.5%
trategStratego
78.5%
erplunKerplunk
76%
luedCluedo
68.4%
areerCareers
67%
engJenga
65.8%
orrSorry
60.2%
ues hGuess Who
56.3%
aboTaboo
54.7%
ous raMouse Trap
53.5%
isRisk
52.3%
and anCandy Land
47.5%

You're not logged in!

Compare scores with friends on all Sporcle quizzes.
Join for Free
OR
Log In

You Might Also Like...

Show Comments

Extras

Top Quizzes Today


Score Distribution

Your Account Isn't Verified!

In order to create a playlist on Sporcle, you need to verify the email address you used during registration. Go to your Sporcle Settings to finish the process.

Report this User

Report this user for behavior that violates our Community Guidelines.

Details: